Normal view
MARC view
Entry Nome pessoal
001 - NÚMERO DE CONTROLE
- campo de controle: 718
003 - IDENTIFICADOR DO NÚMERO DE CONTROLE
- campo de controle: Br
005 - DATA E HORÁRIO DA ÚLTIMA TRANSAÇÃO
- campo de controle: 20250331095841.0
008 - CAMPO DE DADOS FIXOS
- campo de controle de tamanho fixo: 970909n| acnnnaab| aaaa
035 ## - NÚMERO DE CONTROLE DO SISTEMA
- Número de Controle do Sistema: 97102914491484001
040 ## - FONTE DA CATALOGAÇÃO
- Instituição da catalogação original: Br
- Instituição que transcreveu o registro: Br
100 1# - CABEÇALHO--NOME PESSOAL
- Nome pessoal: James, Henry,
- Datas associadas ao nome: 1843-1916
670 ## - FONTE POSITIVA DOS DADOS
- Citação da fonte positiva dos dados: Autor de: Retrato de uma senhora. 1997.
670 ## - FONTE POSITIVA DOS DADOS
- Citação da fonte positiva dos dados: Em: Bristol, Brian. Por que amamos ler?... 2008
- Dados encontrados na fonte localizada no subcampo: (p. 99: D.; romancista anglo-americano)
670 ## - FONTE POSITIVA DOS DADOS
- Citação da fonte positiva dos dados: http://authorities.loc.gov
- Dados encontrados na fonte localizada no subcampo: (D.)
670 ## - FONTE POSITIVA DOS DADOS
- Citação da fonte positiva dos dados: http://catalogue.bnf.fr 1/11/2012
- Dados encontrados na fonte localizada no subcampo: (D.)
670 ## - FONTE POSITIVA DOS DADOS
- Citação da fonte positiva dos dados: http://en.wikipedia.org/wiki/Henry_James
- Dados encontrados na fonte localizada no subcampo: (D.)
670 ## - FONTE POSITIVA DOS DADOS
- Citação da fonte positiva dos dados: https://pt.wikipedia.org/wiki/Henry_James 03/12/2015
- Dados encontrados na fonte localizada no subcampo: (nasceu em Nova York, 15 de abril de 1843 e faleceu em Londres, 28 de fevereiro de 1916 ; escritor norte-americano, naturalizado britânico em 1915. Uma das principais figuras do realismo na literatura do século XIX)